[Event "Tradewise Gibraltar Chess Festival 2014 "]
[Site "The Caleta Hotel - Gibraltar"]
[Date "2014.02.05"]
[Round "9.101"]
[White "Omoifo, Osemekhian I"]
[Black "Lobersli, Henrik Oie"]
[Result "1-0"]
[WhiteElo "2076"]
[BlackElo "1862"]
[PlyCount "111"]
[EventDate "2014.01.28"]

1. Nf3 Nf6 2. d4 g6 3. Bf4 Bg7 4. e3 O-O 5. h3 d6 6. c3 Nbd7 7. Be2 c5 8. O-O
b6 9. Nbd2 Bb7 10. Bh2 Rc8 11. Re1 Qc7 12. Bf1 Rfe8 13. e4 e5 14. d5 h6 15. c4
Nb8 16. Re3 Rf8 17. Ne1 Ne8 18. Rg3 Kh7 19. Qc2 Bh8 20. Nd3 Ng7 21. f4 exf4 22.
Nxf4 Nd7 23. Bd3 Ne5 24. Rf1 Rce8 25. Be2 Bc8 26. Nd3 f5 27. Nxe5 Rxe5 28. Rgf3
Re7 29. g4 Ref7 30. gxf5 gxf5 31. Bd3 Nh5 32. exf5 Rg8+ 33. Kh1 Nf6 34. Ne4 Rd7
35. b3 Qd8 36. Re3 Nxe4 37. Rxe4 Bf6 38. Re6 Qf8 39. Be4 Kh8 40. Qe2 Rf7 41.
Qh5 Rg5 42. Qf3 Be7 43. h4 Rg8 44. Qc3+ Bf6 45. Qd2 Rg4 46. Rf4 Rxf4 47. Qxf4
Bxe6 48. fxe6 Rg7 49. Qxd6 Be7 50. Qf4 Qxf4 51. Bxf4 Rg4 52. Be5+ Kg8 53. Bf3
Rxh4+ 54. Kg2 Kf8 55. d6 Bg5 56. Kg3 1-0

[Event "Tradewise Gibraltar Chess Festival 2014 "]
[Site "The Caleta Hotel - Gibraltar"]
[Date "2014.02.05"]
[Round "9.103"]
[White "Marttala, Thomas"]
[Black "Bajer, Renato"]
[Result "1-0"]
[WhiteElo "2200"]
[BlackElo "1914"]
[PlyCount "69"]
[EventDate "2014.01.28"]

1. e4 e5 2. f4 exf4 3. Nf3 g5 4. Bc4 Bg7 5. d4 d6 6. h4 h6 7. Qd3 g4 8. Ng1 Qf6
9. Nc3 Qxd4 10. Bxf4 Qxd3 11. cxd3 Be6 12. Nge2 Nc6 13. Bxe6 fxe6 14. Be3 O-O-O
15. d4 Nf6 16. Ng3 Ne7 17. Ke2 e5 18. d5 a6 19. Rac1 Kd7 20. Rhf1 Rdf8 21. Rf2
Rf7 22. Rcf1 Rhf8 23. Kd3 Ke8 24. b4 Nd7 25. Rxf7 Rxf7 26. Rc1 b6 27. Nce2 Kd8
28. Nh5 Bf8 29. Neg3 Ng6 30. Nf5 Nf6 31. Nhg3 Ng8 32. a4 N6e7 33. a5 b5 34. Ke2
Kc8 35. Nxd6+ 1-0

[Event "Tradewise Gibraltar Chess Festival 2014 "]
[Site "The Caleta Hotel - Gibraltar"]
[Date "2014.02.05"]
[Round "9.104"]
[White "Othman, Mustapha"]
[Black "Kvisla, Johannes Luangtep"]
[Result "0-1"]
[WhiteElo "1905"]
[BlackElo "2154"]
[PlyCount "104"]
[EventDate "2014.01.28"]

1. e4 c5 2. Nf3 a6 3. d4 cxd4 4. Nxd4 e5 5. Nf3 Nf6 6. Nxe5 Qa5+ 7. Nc3 Qxe5 8.
f4 Qa5 9. e5 Ne4 10. Qd5 Qxd5 11. Nxd5 Kd8 12. Nb6 Ra7 13. Bd3 Nc5 14. Be3 Nc6
15. Bc4 f6 16. Bd5 Nb4 17. O-O-O Kc7 18. c3 Nbd3+ 19. Rxd3 Nxd3+ 20. Kc2 Nc5
21. Nxc8 Kxc8 22. b4 b6 23. bxc5 Bxc5 24. Bd4 Bxd4 25. cxd4 Rc7+ 26. Kd3 fxe5
27. dxe5 Rf8 28. Rf1 Kd8 29. f5 d6 30. e6 Ke7 31. g4 Kf6 32. h4 h6 33. Re1 Re8
34. Ke4 Rc2 35. Kf4 Rf2+ 36. Kg3 Rd2 37. Bc6 Re7 38. Kf4 Rd4+ 39. Re4 Rxe4+ 40.
Kxe4 Rc7 41. Kd5 Ke7 42. g5 hxg5 43. hxg5 b5 44. f6+ gxf6 45. gxf6+ Kxf6 46.
Kxd6 Rg7 47. a3 Rg3 48. e7 Rd3+ 49. Bd5 Re3 50. Bb7 Rxe7 51. Bc6 Re3 52. a4
Re6+ 0-1

[Event "Tradewise Gibraltar Chess Festival 2014 "]
[Site "The Caleta Hotel - Gibraltar"]
[Date "2014.02.05"]
[Round "9.105"]
[White "Machlik, Jon"]
[Black "Becham, Khalid"]
[Result "1/2-1/2"]
[WhiteElo "1891"]
[BlackElo "2122"]
[PlyCount "97"]
[EventDate "2014.01.28"]

1. e4 e5 2. Nf3 Nc6 3. Bc4 Bc5 4. Nc3 a6 5. O-O Nf6 6. d3 d6 7. h3 Na5 8. Bb3
c6 9. Be3 Nxb3 10. axb3 Qe7 11. Bxc5 dxc5 12. Qe2 O-O 13. Nd2 g6 14. Qe3 Nh5
15. Na4 Nf4 16. Nf3 Ne6 17. c3 f6 18. Nb6 Rb8 19. Nxc8 Rbxc8 20. g3 Rcd8 21.
Rfd1 Rd6 22. Rd2 Rfd8 23. Rad1 Qd7 24. Kg2 Kg7 25. h4 h6 26. Nh2 g5 27. h5 Kh7
28. f3 Ng7 29. Ng4 b6 30. d4 cxd4 31. cxd4 Nxh5 32. Rh1 Kg6 33. Rf2 Rxd4 34.
Rxh5 Rh8 35. Rh1 h5 36. Nh2 c5 37. Re1 Rd3 38. Qc1 Rd8 39. Nf1 Rxb3 40. Rd2 Rd3
41. Red1 Qb5 42. Rxd3 Rxd3 43. Rxd3 Qxd3 44. Qd2 Qd4 45. Qc2 c4 46. Nd2 b5 47.
Qc3 a5 48. Qxa5 Qxb2 49. Qd8 1/2-1/2

[Event "Tradewise Gibraltar Chess Festival 2014 "]
[Site "The Caleta Hotel - Gibraltar"]
[Date "2014.02.05"]
[Round "9.106"]
[White "Heer, Stephan"]
[Black "Rygg, Snorre"]
[Result "1-0"]
[WhiteElo "2106"]
[BlackElo "1840"]
[PlyCount "83"]
[EventDate "2014.01.28"]

1. e4 c5 2. Nf3 d6 3. g3 g6 4. Bg2 Bg7 5. d3 Nc6 6. O-O e5 7. c3 Nge7 8. a3 O-O
9. b4 b6 10. b5 Na5 11. c4 a6 12. a4 axb5 13. axb5 Bd7 14. Bb2 Qc7 15. Nc3 Nb7
16. Qe2 Ra5 17. Rae1 Nd8 18. Nd2 Ne6 19. Nb3 Nd4 20. Qd1 Ra7 21. h3 Bc8 22. Kh2
Bb7 23. Bc1 f6 24. h4 h6 25. f4 Bc8 26. Rf2 Be6 27. Nd5 Nxd5 28. exd5 Bf5 29.
Nxd4 exd4 30. Be4 Bxe4 31. Rxe4 Ra1 32. Re6 Rfa8 33. Qe1 Qd7 34. f5 gxf5 35.
Qd2 Kf7 36. Rfe2 Rb1 37. Qf4 Raa1 38. Qxf5 Rxc1 39. Rxf6+ Kg8 40. Qxd7 Rh1+ 41.
Kg2 Rag1+ 42. Kf3 1-0

[Event "Tradewise Gibraltar Chess Festival 2014 "]
[Site "The Caleta Hotel - Gibraltar"]
[Date "2014.02.05"]
[Round "9.107"]
[White "Baert, Andy"]
[Black "Steenbergen, Pepijn"]
[Result "1-0"]
[WhiteElo "2104"]
[BlackElo "1772"]
[PlyCount "71"]
[EventDate "2014.01.28"]

1. d4 Nf6 2. c4 c5 3. Nf3 cxd4 4. Nxd4 e5 5. Nb5 d5 6. cxd5 Bc5 7. N5c3 O-O 8.
g3 e4 9. Bg2 e3 10. f3 Bf5 11. O-O Re8 12. Qb3 Nbd7 13. Na4 Bd6 14. Nbc3 Nh5
15. Ne4 Bxe4 16. fxe4 b5 17. Qxb5 Ne5 18. Bxe3 Ng4 19. Qd3 Nxh2 20. Bf4 Nxf1
21. Rxf1 Qc7 22. Qc3 Qe7 23. Qf3 Nf6 24. Nc3 Rab8 25. b3 Be5 26. Kh2 Rec8 27.
Nd1 Nd7 28. Bh3 f6 29. Ne3 g6 30. Be6+ Kh8 31. Nc4 Rf8 32. Bh6 Rfd8 33. Nxe5
Nxe5 34. Qxf6+ Qxf6 35. Rxf6 Re8 36. Bf4 1-0

[Event "Tradewise Gibraltar Chess Festival 2014 "]
[Site "The Caleta Hotel - Gibraltar"]
[Date "2014.02.05"]
[Round "9.108"]
[White "Zachariassen, John"]
[Black "Skutta, Bernd"]
[Result "0-1"]
[WhiteElo "1894"]
[BlackElo "2048"]
[PlyCount "76"]
[EventDate "2014.01.28"]

1. c4 e5 2. g3 Nc6 3. Bg2 Nf6 4. Nc3 Bc5 5. d3 O-O 6. Nf3 h6 7. O-O Re8 8. e4
d6 9. h3 a6 10. a3 Bd7 11. Rb1 Nd4 12. Nxd4 Bxd4 13. Ne2 Ba7 14. Kh2 c6 15. Nc3
Qe7 16. f4 Rad8 17. Qf3 Nh7 18. f5 f6 19. h4 Rf8 20. b4 Be8 21. b5 axb5 22.
cxb5 Bd4 23. Ne2 Bc5 24. a4 d5 25. Ng1 dxe4 26. dxe4 Bf7 27. bxc6 bxc6 28. Qc3
Rd4 29. Qf3 Rxa4 30. Rd1 Bd4 31. Bd2 c5 32. g4 Rfa8 33. Ne2 Ra3 34. Nc3 Qa7 35.
Rbc1 Rb3 36. Bf1 Qa3 37. Qg3 Qb2 38. Qe1 Bxc3 0-1

[Event "Tradewise Gibraltar Chess Festival 2014 "]
[Site "The Caleta Hotel - Gibraltar"]
[Date "2014.02.05"]
[Round "9.109"]
[White "Hamer, Martyn"]
[Black "Nielsen, Peter"]
[Result "1/2-1/2"]
[WhiteElo "2017"]
[BlackElo "1759"]
[PlyCount "66"]
[EventDate "2014.01.28"]

1. d4 f5 2. Nf3 Nf6 3. g3 g6 4. Bg2 Bg7 5. c4 O-O 6. O-O a5 7. Nc3 c6 8. b3 d6
9. Qc2 Na6 10. Bb2 Bd7 11. e4 Nb4 12. Qe2 fxe4 13. Nxe4 Nxe4 14. Qxe4 Bf5 15.
Qe2 Qc7 16. a3 Nd3 17. Bc3 e5 18. dxe5 Nxe5 19. Nxe5 Bxe5 20. Bxe5 dxe5 21.
Rfe1 Rae8 22. Rad1 Rf7 23. c5 Rd7 24. Rxd7 Qxd7 25. Rd1 Qe6 26. Qb2 e4 27. Bf1
Qe5 28. Qxe5 Rxe5 29. b4 axb4 30. axb4 e3 31. fxe3 Rxe3 32. Rd8+ Kg7 33. Rb8
Re7 1/2-1/2

[Event "Tradewise Gibraltar Chess Festival 2014 "]
[Site "The Caleta Hotel - Gibraltar"]
[Date "2014.02.05"]
[Round "9.110"]
[White "Dennis, Nigel W"]
[Black "Goncalves, Jose Antonio Silvei"]
[Result "0-1"]
[WhiteElo "1848"]
[BlackElo "1999"]
[PlyCount "124"]
[EventDate "2014.01.28"]

1. e4 e5 2. Nf3 Nc6 3. Bb5 a6 4. Ba4 Nf6 5. O-O Be7 6. Re1 b5 7. Bb3 d6 8. c3
O-O 9. h3 Nb8 10. d4 Nbd7 11. Nbd2 Bb7 12. Bc2 Re8 13. Nf1 Bf8 14. Ng3 g6 15.
Bg5 h6 16. Bxf6 Nxf6 17. dxe5 dxe5 18. Qxd8 Raxd8 19. Rad1 Rxd1 20. Rxd1 Kg7
21. Kf1 Bc6 22. Ke2 Bc5 23. Ne1 a5 24. f3 h5 25. Nd3 Bb6 26. Nf1 Nd7 27. Ne3 f5
28. Nf2 Bxe3 29. Kxe3 f4+ 30. Ke2 Kf6 31. b4 Nb6 32. bxa5 Nc4 33. Bb3 Ne3 34.
Rd2 Ra8 35. g4 h4 36. Nd3 Rxa5 37. Nb4 Be8 38. g5+ Ke7 39. Nd5+ Nxd5 40. Rxd5
Bf7 41. Rd2 Bxb3 42. axb3 Ra3 43. Rb2 Ra1 44. Kf2 Rh1 45. Kg2 Rc1 46. c4 b4 47.
Rd2 Rc3 48. Rd5 Rxb3 49. Rxe5+ Kd7 50. Rd5+ Ke6 51. Rc5 Kd6 52. Rd5+ Kc6 53.
Kf2 Rc3 54. Ra5 Rxc4 55. Ra6+ Kc5 56. Ra5+ Kd4 57. Rb5 Kc3 58. e5 Rc6 59. Ke2
b3 60. Kd1 b2 61. Rb7 Rb6 62. Rxc7+ Kb3 0-1

[Event "Tradewise Gibraltar Chess Festival 2014 "]
[Site "The Caleta Hotel - Gibraltar"]
[Date "2014.02.05"]
[Round "9.111"]
[White "Holleland, Sigve"]
[Black "Andersen, Daniel"]
[Result "1-0"]
[WhiteElo "1812"]
[BlackElo "1941"]
[PlyCount "79"]
[EventDate "2014.01.28"]

1. d4 e6 2. c4 f5 3. Nf3 Nf6 4. Bg5 d5 5. e3 Nbd7 6. cxd5 exd5 7. Bd3 h6 8. Bh4
g6 9. Nc3 c6 10. Ne5 Rg8 11. Nxd7 Bxd7 12. Qc2 Be7 13. f3 Qb6 14. O-O-O O-O-O
15. Bg3 Be6 16. Kb1 Bd6 17. Bxd6 Rxd6 18. Na4 Qc7 19. Rc1 Kb8 20. Nc5 Re8 21.
e4 fxe4 22. fxe4 dxe4 23. Nxe4 Nxe4 24. Bxe4 g5 25. Bg6 Red8 26. Rhe1 Qa5 27.
b3 Rxd4 28. Qe2 Bf5+ 29. Bxf5 Qxf5+ 30. Ka1 Rd2 31. Qe7 Qf2 32. Qa3 Qd4+ 33.
Kb1 Qd3+ 34. Ka1 Rxg2 35. Rc4 Rxh2 36. Rec1 Rd2 37. Qe7 Qe2 38. Qf6 Rxa2+ 39.
Kb1 Rad2 40. R4c2 {Black touched the d2 rook, realized every move with it was
losing, and resigned.} 1-0

[Event "Tradewise Gibraltar Chess Festival 2014 "]
[Site "The Caleta Hotel - Gibraltar"]
[Date "2014.02.05"]
[Round "9.112"]
[White "Magnusdottir, Veronika Steinun"]
[Black "Kenney, David"]
[Result "1-0"]
[WhiteElo "1561"]
[BlackElo "1999"]
[PlyCount "65"]
[EventDate "2014.01.28"]

1. e4 c5 2. Nf3 d6 3. d4 cxd4 4. Nxd4 Nf6 5. Nc3 a6 6. g3 e5 7. Nb3 Be6 8. Bg2
Be7 9. a4 O-O 10. O-O Nbd7 11. Be3 Rc8 12. a5 Qc7 13. h3 Nc5 14. Nxc5 dxc5 15.
Qe2 Rfd8 16. f4 exf4 17. Bxf4 Qd7 18. Rad1 Qe8 19. e5 Nd7 20. Bxb7 Rb8 21. Qxa6
Bxh3 22. Rfe1 Be6 23. Qc6 c4 24. Qc7 Nc5 25. a6 Nxb7 26. axb7 g5 27. Be3 Rd7
28. Rxd7 Bxd7 29. Nd5 Rd8 30. Nxe7+ Qxe7 31. b8=Q Rxb8 32. Qxb8+ Kg7 33. Qd6
1-0

[Event "Tradewise Gibraltar Chess Festival 2014 "]
[Site "The Caleta Hotel - Gibraltar"]
[Date "2014.02.05"]
[Round "9.113"]
[White "Gravett, Alan D"]
[Black "Hermes, Geoff R"]
[Result "1-0"]
[WhiteElo "1872"]
[BlackElo "1998"]
[PlyCount "41"]
[EventDate "2014.01.28"]

1. c4 d6 2. b3 e5 3. e4 Nf6 4. Nc3 Be7 5. Nge2 O-O 6. g3 c6 7. Bg2 Be6 8. O-O
d5 9. cxd5 cxd5 10. exd5 Nxd5 11. Nxd5 Bxd5 12. Bxd5 Qxd5 13. d4 exd4 14. Qxd4
Qxd4 15. Nxd4 Bf6 16. Be3 Rc8 17. Rac1 Na6 18. Nb5 Bb2 19. Rxc8+ Rxc8 20. Nxa7
Nb4 21. Nxc8 1-0

[Event "Tradewise Gibraltar Chess Festival 2014 "]
[Site "The Caleta Hotel - Gibraltar"]
[Date "2014.02.05"]
[Round "9.114"]
[White "George, Lolomari Erekosima"]
[Black "Olsen, Miriam F"]
[Result "1-0"]
[WhiteElo "1853"]
[BlackElo "1997"]
[PlyCount "135"]
[EventDate "2014.01.28"]

1. Nf3 Nf6 2. c4 e6 3. g3 d5 4. b3 Be7 5. Bb2 c5 6. e3 Nc6 7. Bg2 O-O 8. O-O b6
9. Qe2 Ba6 10. d3 Rc8 11. Rd1 Qc7 12. Nc3 Rfd8 13. Rac1 Qb8 14. Nb5 Bb7 15. d4
a6 16. Nc3 cxd4 17. exd4 dxc4 18. bxc4 Bf8 19. Bh3 Rc7 20. Qd3 Nb4 21. Qe3 Bxf3
22. Qxf3 Rxc4 23. Ne4 Nxe4 24. Rxc4 Ng5 25. Qg4 Nxh3+ 26. Qxh3 b5 27. Rc3 Nxa2
28. Rf3 Qb7 29. d5 Rxd5 30. Rxd5 Qxd5 31. g4 Qd2 32. Bc3 Qd1+ 33. Kg2 Qd5 34.
Kg1 Nc1 35. Re3 b4 36. Bb2 Qd1+ 37. Qf1 Qxf1+ 38. Kxf1 Na2 39. Re5 Nc3 40. Bxc3
bxc3 41. Re4 a5 42. Rc4 f5 43. gxf5 exf5 44. Rxc3 Kf7 45. Rc7+ Kf6 46. h3 a4
47. Ra7 a3 48. Ke2 g5 49. Kf3 h5 50. Ra6+ Ke5 51. Ra5+ Ke6 52. Ke3 Bb4 53. Ra4
Bc5+ 54. Ke2 Ke5 55. f4+ gxf4 56. Kf3 Kf6 57. Rxf4 Bd6 58. Ra4 Kg5 59. Ra6 Bb4
60. h4+ Kxh4 61. Ra4 Kh3 62. Rxb4 Kh2 63. Ra4 Kg1 64. Rxa3 h4 65. Ra1+ Kh2 66.
Ra5 h3 67. Rxf5 Kg1 68. Ra5 1-0

[Event "Tradewise Gibraltar Chess Festival 2014 "]
[Site "The Caleta Hotel - Gibraltar"]
[Date "2014.02.05"]
[Round "9.115"]
[White "Mehringer, Joerg"]
[Black "Christophe-Hayot, Romain"]
[Result "1-0"]
[WhiteElo "1961"]
[BlackElo "1842"]
[PlyCount "65"]
[EventDate "2014.01.28"]

1. e4 Nc6 2. d4 d5 3. Nc3 Nf6 4. e5 Ng8 5. Be3 Bf5 6. Nf3 e6 7. a3 Be7 8. Be2
g5 9. h3 Bg6 10. Qd2 h6 11. g4 a6 12. Bd3 Bxd3 13. Qxd3 Qd7 14. O-O-O O-O-O 15.
h4 gxh4 16. Nxh4 Na5 17. Nf3 Nc4 18. Bf4 Qc6 19. Nd2 b5 20. Nxc4 bxc4 21. Qf3
f6 22. exf6 Bxf6 23. g5 hxg5 24. Rxh8 Bxh8 25. Bxg5 Re8 26. Ne2 Ne7 27. Ng3 Qd7
28. c3 e5 29. dxe5 Bxe5 30. Bxe7 c6 31. Bc5 Bg7 32. Qf5 Bh6+ 33. Kb1 1-0

[Event "Tradewise Gibraltar Chess Festival 2014 "]
[Site "The Caleta Hotel - Gibraltar"]
[Date "2014.02.05"]
[Round "9.117"]
[White "Nordstrom, Hakon N"]
[Black "Densing, Gerd"]
[Result "1-0"]
[WhiteElo "1835"]
[BlackElo "1875"]
[PlyCount "67"]
[EventDate "2014.01.28"]

1. e4 e6 2. d4 b6 3. c4 Bb7 4. Bd3 Nc6 5. Nf3 Nb4 6. Nc3 Nxd3+ 7. Qxd3 Bb4 8.
Bd2 Bxc3 9. Bxc3 d6 10. O-O Qe7 11. b4 Nf6 12. d5 e5 13. a4 Nd7 14. a5 O-O 15.
axb6 axb6 16. Rxa8 Rxa8 17. Ra1 Rxa1+ 18. Bxa1 Qd8 19. Qa3 Qa8 20. Qxa8+ Bxa8
21. Nd2 Bb7 22. Kf1 Kf8 23. Ke2 Ke7 24. Ke3 c5 25. b5 Bc8 26. f4 f6 27. f5 Nf8
28. Nb1 g6 29. g4 h5 30. fxg6 Nxg6 31. gxh5 Nh4 32. Nc3 Kf7 33. Kf2 f5 34. Kg3
1-0

[Event "Tradewise Gibraltar Chess Festival 2014 "]
[Site "The Caleta Hotel - Gibraltar"]
[Date "2014.02.05"]
[Round "9.118"]
[White "Villa Armenta, Enrique"]
[Black "Edakina, Anastasia"]
[Result "1/2-1/2"]
[WhiteElo "1718"]
[BlackElo "1756"]
[PlyCount "128"]
[EventDate "2014.01.28"]

1. d4 d5 2. Nf3 Nf6 3. c4 c6 4. Nc3 a6 5. a4 e6 6. Bg5 Be7 7. e3 Nbd7 8. Bd3 c5
9. O-O cxd4 10. Nxd4 dxc4 11. Bxc4 O-O 12. Rc1 Ne5 13. Ba2 Qb6 14. Qd2 Bd7 15.
Rfd1 h6 16. Bh4 Ng6 17. Bg3 Bb4 18. b3 Rac8 19. Qb2 Bxc3 20. Rxc3 Rxc3 21. Qxc3
Ne4 22. Qd3 Nxg3 23. hxg3 Bc6 24. Nxe6 Re8 25. Nf4 Nxf4 26. gxf4 Qc5 27. Re1
Be4 28. Qd7 Bc6 29. Qd2 Qh5 30. Qe2 Qg6 31. f3 Qd6 32. Qc2 Qf6 33. Bb1 Qh4 34.
Qf2 Qf6 35. Bd3 Rd8 36. Qc2 Qh4 37. Rf1 Re8 38. Be4 Bxe4 39. fxe4 Qg3 40. Rf3
Qg6 41. f5 Qg4 42. Rf4 Qg3 43. Qd2 h5 44. Qf2 Qg5 45. Qh4 f6 46. Qe1 Rd8 47.
Kh2 Kh7 48. Qe2 Rc8 49. Rf3 Rc3 50. Rg3 Qh4+ 51. Rh3 Qxe4 52. Qxh5+ Kg8 53.
Qh7+ Kf8 54. Rg3 Qe5 55. Qxg7+ Ke8 56. Qg8+ Ke7 57. Qe6+ Qxe6 58. fxe6 Kxe6 59.
e4 Rc7 60. Re3 Rg7 61. g3 Ke5 62. Kg2 Rg4 63. Kf3 Rg7 64. Rd3 Rc7 1/2-1/2

[Event "Tradewise Gibraltar Chess Festival 2014 "]
[Site "The Caleta Hotel - Gibraltar"]
[Date "2014.02.06"]
[Round "10.17"]
[White "Movsesian, Sergei"]
[Black "Debashis, Das"]
[Result "1-0"]
[WhiteElo "2677"]
[BlackElo "2494"]
[PlyCount "79"]
[EventDate "2014.01.28"]

1. Nf3 d5 2. g3 Nf6 3. Bg2 c6 4. O-O Bg4 5. c4 e6 6. Qb3 Qb6 7. Qc2 Nbd7 8. b3
Bd6 9. Bb2 O-O 10. d3 e5 11. e3 Rfe8 12. Nc3 Rac8 13. h3 Bh5 14. Nh4 Qd8 15.
Rae1 Nf8 16. Nb1 Ne6 17. Nd2 d4 18. Ndf3 Bb4 19. Rc1 Nd7 20. a3 Bf8 21. Rce1
dxe3 22. fxe3 Bd6 23. Nf5 Bb8 24. N3h4 Ndf8 25. b4 Ng6 26. Nf3 e4 27. dxe4 Bxf3
28. Bxf3 Ne5 29. Rd1 Qg5 30. Qe2 Rcd8 31. h4 Qf6 32. Rxd8 Nxd8 33. c5 Qe6 34.
Rd1 f6 35. Bg4 Qb3 36. Bxe5 Bxe5 37. Rd7 Nf7 38. Rxb7 Rf8 39. Kg2 Rd8 40. Ne7+
1-0

[Event "Tradewise Gibraltar Chess Festival 2014 "]
[Site "The Caleta Hotel - Gibraltar"]
[Date "2014.02.06"]
[Round "10.18"]
[White "Gopal, G.N."]
[Black "Ganguly, Surya Shekhar"]
[Result "1/2-1/2"]
[WhiteElo "2550"]
[BlackElo "2619"]
[PlyCount "61"]
[EventDate "2014.01.28"]

1. e4 e5 2. Nf3 Nc6 3. Bb5 Nf6 4. d3 Bc5 5. c3 O-O 6. O-O Re8 7. Bg5 h6 8. Bh4
Be7 9. Nbd2 d6 10. Re1 Bd7 11. Ba4 Nh5 12. Bxe7 Nxe7 13. Bxd7 Qxd7 14. Nxe5
dxe5 15. Qxh5 Qxd3 16. Qe2 Rad8 17. Nc4 Qxe2 18. Rxe2 f6 19. a4 Rd7 20. Rd2
Rxd2 21. Nxd2 Rd8 22. Nc4 Kf7 23. Kf1 Ke6 24. Ke2 h5 25. Rd1 Rxd1 26. Kxd1 Nc8
27. Ke2 Nd6 28. Nd2 a6 29. h4 b5 30. axb5 axb5 31. b4 1/2-1/2

[Event "Tradewise Gibraltar Chess Festival 2014 "]
[Site "The Caleta Hotel - Gibraltar"]
[Date "2014.02.06"]
[Round "10.20"]
[White "Fier, Alexandr"]
[Black "Flear, Glenn C"]
[Result "1/2-1/2"]
[WhiteElo "2572"]
[BlackElo "2471"]
[PlyCount "136"]
[EventDate "2014.01.28"]

1. Nf3 d5 2. g3 c5 3. c4 d4 4. e3 Nc6 5. exd4 cxd4 6. Bg2 e5 7. d3 Bd6 8. O-O
Nge7 9. Na3 O-O 10. Ng5 h6 11. Ne4 Bb8 12. c5 f5 13. Nd6 Bxd6 14. cxd6 Qxd6 15.
Nc4 Qf6 16. b4 Be6 17. b5 Nb4 18. Ba3 Nbd5 19. Qe1 e4 20. dxe4 fxe4 21. Nd6 d3
22. Nxe4 Qd4 23. Bc5 Qc4 24. Bxe7 Nxe7 25. Nd6 Qg4 26. Nxb7 Rae8 27. Qd1 Qd4
28. Qc1 Bg4 29. Qc5 Nf5 30. Qxd4 Nxd4 31. Nd6 Re7 32. a4 Be2 33. Rfb1 Nf3+ 34.
Bxf3 Bxf3 35. Nc4 Re2 36. Rb2 Rxb2 37. Nxb2 d2 38. Ra3 d1=Q+ 39. Nxd1 Bxd1 40.
a5 Bf3 41. Rc3 Rf5 42. b6 a6 43. g4 Rf7 44. h3 Bb7 45. Rc4 Rd7 46. f4 Kf7 47.
Kf2 Ke6 48. Ke3 Kd6 49. f5 Re7+ 50. Kf4 Bc6 51. g5 hxg5+ 52. Kxg5 Re5 53. Rd4+
Ke7 54. Rb4 Bb7 55. Rc4 Kd6 56. Rc7 Be4 57. Kf4 Bxf5 58. Rxg7 Bxh3 59. Rg8 Rb5
60. Ke3 Be6 61. Ra8 Bc4 62. Kd4 Bf1 63. Rf8 Bg2 64. Rf6+ Kd7 65. Rf7+ Kd8 66.
Rg7 Bc6 67. Rc7 Bd7 68. Ra7 Bc8 1/2-1/2

[Event "Tradewise Gibraltar Chess Festival 2014 "]
[Site "The Caleta Hotel - Gibraltar"]
[Date "2014.02.06"]
[Round "10.21"]
[White "Henrichs, Thomas"]
[Black "Mekhitarian, Krikor Sevag"]
[Result "1-0"]
[WhiteElo "2477"]
[BlackElo "2566"]
[PlyCount "63"]
[EventDate "2014.01.28"]

1. d4 Nf6 2. c4 e6 3. Nc3 Bb4 4. e3 d5 5. a3 Be7 6. Nf3 O-O 7. Bd3 c5 8. O-O a6
9. b3 Nc6 10. Bb2 cxd4 11. exd4 b6 12. Re1 Bb7 13. cxd5 exd5 14. Ne2 Re8 15.
Ng3 g6 16. Ne5 Rc8 17. Qf3 Bf8 18. Re2 Bg7 19. Rae1 b5 20. h4 Qc7 21. h5 Rcd8
22. Qf4 Qd6 23. Re3 Re6 24. Rf3 Rde8 25. Ree3 Qf8 26. Qh4 Qe7 27. hxg6 fxg6 28.
Bf5 gxf5 29. Nxf5 Qf8 30. Nxg7 Nxe5 31. dxe5 Qxg7 32. exf6 1-0

[Event "Tradewise Gibraltar Chess Festival 2014 "]
[Site "The Caleta Hotel - Gibraltar"]
[Date "2014.02.06"]
[Round "10.22"]
[White "Salem, A.R. Saleh"]
[Black "Docx, Stefan"]
[Result "1-0"]
[WhiteElo "2564"]
[BlackElo "2458"]
[PlyCount "89"]
[EventDate "2014.01.28"]

1. d4 Nf6 2. c4 c5 3. d5 e6 4. Nc3 exd5 5. cxd5 d6 6. e4 g6 7. f4 Bg7 8. Bb5+
Nfd7 9. Nf3 O-O 10. O-O a6 11. Bd3 b5 12. Qe1 Re8 13. Qg3 c4 14. Bc2 b4 15. Na4
Nf6 16. f5 Bd7 17. Ng5 b3 18. axb3 cxb3 19. fxg6 hxg6 20. e5 Rxe5 21. Nxf7 Kxf7
22. Bxg6+ Kg8 23. Qh4 Bxa4 24. Bh7+ Kh8 25. Bg6+ Kg8 26. Rxa4 Qb6+ 27. Kh1 Qb5
28. Raf4 Qxd5 29. Bh7+ Nxh7 30. Qd8+ Nf8 31. Rxf8+ Kh7 32. R8f3 a5 33. Rg3 Ra7
34. Qxb8 Rf7 35. Rg1 a4 36. Qc8 Rh5 37. Qe8 Qc4 38. Bg5 a3 39. Rf3 Rxg5 40.
Rxf7 a2 41. Rf3 Qd4 42. Rgf1 Qxb2 43. Rh3+ Bh6 44. Qe4+ Kg8 45. Qe6+ 1-0

[Event "Tradewise Gibraltar Chess Festival 2014 "]
[Site "The Caleta Hotel - Gibraltar"]
[Date "2014.02.06"]
[Round "10.23"]
[White "Pogonina, Natalija"]
[Black "Eljanov, Pavel"]
[Result "*"]
[WhiteElo "2495"]
[BlackElo "2733"]
[PlyCount "32"]
[EventDate "2014.01.28"]

1. e4 e5 2. Nf3 Nc6 3. Bb5 a6 4. Ba4 Nf6 5. O-O Be7 6. d3 d6 7. Bxc6+ bxc6 8.
h3 O-O 9. Nbd2 c5 10. Nc4 Be6 11. Na5 Nd7 12. Nc6 Qe8 13. Nxe7+ Qxe7 14. Ng5 f5
15. b3 f4 16. Nxe6 Qxe6 *

[Event "Tradewise Gibraltar Chess Festival 2014 "]
[Site "The Caleta Hotel - Gibraltar"]
[Date "2014.02.06"]
[Round "10.24"]
[White "Ashwin, Jayaram"]
[Black "Sutovsky, Emil"]
[Result "1/2-1/2"]
[WhiteElo "2473"]
[BlackElo "2663"]
[PlyCount "103"]
[EventDate "2014.01.28"]

1. d4 e6 2. Nf3 c5 3. e4 cxd4 4. Nxd4 Nf6 5. Nc3 Nc6 6. Be2 Bb4 7. O-O Bxc3 8.
bxc3 Nxe4 9. Bd3 d5 10. Nxc6 bxc6 11. Bxe4 dxe4 12. Qxd8+ Kxd8 13. Rd1+ Ke7 14.
Ba3+ Kf6 15. Rd6 Rb8 16. Bc5 a5 17. Rxc6 Rb2 18. a4 Bd7 19. Ra6 Rhb8 20. h4
Rb1+ 21. Rxb1 Rxb1+ 22. Kh2 Ra1 23. Ra7 Be8 24. Be7+ Kg6 25. Rxa5 f6 26. Ra8
Kf7 27. Bd6 Rxa4 28. Rxa4 Bxa4 29. c4 Bxc2 30. c5 Ba4 31. g4 e5 32. Kg3 Bc6 33.
h5 Bb7 34. Kh4 Ke6 35. Bf8 g6 36. hxg6 hxg6 37. Kg3 f5 38. gxf5+ gxf5 39. Kh2
f4 40. Kg1 Kd5 41. Kf1 Kd4 42. Bg7 Ba6+ 43. Ke1 Bb5 44. Bf6 Kd5 45. Bg7 Ke6 46.
Bh8 Kf5 47. Bg7 Be8 48. Kf1 Bc6 49. Ke1 Bb5 50. Bh8 Ke6 51. Bg7 Kd5 52. Bf6
1/2-1/2

[Event "Tradewise Gibraltar Chess Festival 2014 "]
[Site "The Caleta Hotel - Gibraltar"]
[Date "2014.02.06"]
[Round "10.26"]
[White "Georgiev, Kiril"]
[Black "Raznikov, Danny"]
[Result "0-1"]
[WhiteElo "2653"]
[BlackElo "2479"]
[PlyCount "132"]
[EventDate "2014.01.28"]

1. d4 Nf6 2. Nf3 e6 3. c4 Bb4+ 4. Nc3 b6 5. Bg5 h6 6. Bh4 Bb7 7. Nd2 Be7 8. e4
O-O 9. Bg3 d6 10. Be2 Nc6 11. Nb3 d5 12. cxd5 exd5 13. e5 Ne4 14. O-O Nxc3 15.
bxc3 a5 16. Re1 Bc8 17. Bd3 Be6 18. Nd2 Qc8 19. Nf1 f6 20. exf6 Rxf6 21. Ne3
Bd6 22. Bxd6 cxd6 23. Rb1 Rb8 24. Bc2 Ne7 25. Qd3 Kf8 26. Qd2 Qc6 27. Bd3 Rd8
28. Rb3 Nc8 29. Reb1 Qb7 30. R3b2 Re8 31. Bb5 Re7 32. h3 Kg8 33. Rb3 Ref7 34.
Rf1 Ne7 35. Be2 Ng6 36. Bh5 Nf4 37. Bxf7+ Qxf7 38. f3 Rg6 39. Kf2 Bxh3 40. gxh3
Qe7 41. Rh1 Qh4+ 42. Kf1 Rg3 43. Qd1 Rxh3 44. Rxh3 Qxh3+ 45. Ke1 Qg3+ 46. Kd2
Qf2+ 47. Kc1 Qxe3+ 48. Kc2 h5 49. Rxb6 h4 50. Rb8+ Kh7 51. Rb1 g5 52. a4 Kh6
53. Rb8 h3 54. Rd8 Qe7 55. Rb8 Qe3 56. Rd8 Kg7 57. Rd7+ Kg6 58. Rxd6+ Kh5 59.
Rd8 Kh4 60. Kb3 h2 61. Rh8+ Kg3 62. Qb1 Ne2 63. Qh7 Nxd4+ 64. Kb2 Qd2+ 65. Kb1
h1=Q+ 66. Qxh1 Qc2+ 0-1